NFL - 2025 QB1 RB1 WR1 of every team - Statistics

General Stats
  • This quiz has been taken 2,028 times
    1,461 since last reset
  • The average score is 69 of 96
Answer Stats
Hint Answer % Correct
Ravens QB1 Lamar Jackson
99%
Ravens RB1 Derrick Henry
97%
Bengals QB1 Joe Burrow
97%
Bengals WR1 Ja'Marr Chase
96%
Lions WR1 Amon-Ra St. Brown
93%
Bengals RB1 Chase Brown
93%
Ravens WR1 Zay Flowers
93%
Jets QB1 Aaron Rodgers
92%
Eagles WR1 A.J. Brown
92%
Bills QB1 Josh Allen
87%
Steelers QB1 Russell Wilson
86%
Dolphins WR1 Tyreek Hill
85%
Texans QB1 C.J. Stroud
84%
Dolphins QB1 Tua Tagovailoa
84%
Bears QB1 Caleb Williams
83%
Patriots QB1 Drake Maye
83%
Broncos RB1 Javonte Williams
82%
Chiefs QB1 Patrick Mahomes
82%
Bills RB1 James Cook
81%
Lions QB1 Jared Goff
81%
Rams RB1 Kyren Williams
81%
Broncos QB1 Bo Nix
80%
Giants QB1 Daniel Jones
80%
Steelers RB1 Najee Harris
80%
Jaguars QB1 Trevor Lawrence
80%
Vikings RB1 Aaron Jones
79%
Seahawks QB1 Geno Smith
79%
Chargers QB1 Justin Herbert
79%
Vikings WR1 Justin Jefferson
79%
Cowboys QB1 Dak Prescott
78%
Eagles QB1 Jalen Hurts
78%
Colts RB1 Jonathan Taylor
78%
Packers QB1 Jordan Love
78%
Buccaneers QB1 Baker Mayfield
77%
Panthers QB1 Bryce Young
77%
Dolphins RB1 Devon Achane
77%
Steelers WR1 George Pickens
77%
Lions RB1 Jahmyr Gibbs
77%
Colts QB1 Anthony Richardson
76%
Cowboys WR1 Ceedee lamb
76%
Commanders QB1 Jayden Daniels
76%
Texans WR1 Nico Collins
76%
Eagles RB1 Saquan Barkley
76%
Jets RB1 Breece Hall
75%
49ers QB1 Brock Purdy
75%
Browns RB1 Nick Chubb
75%
Vikings QB1 Sam Darnold
75%
Browns QB1 Deshaun Watson
74%
Seahawks WR1 DK Metcalf
74%
Texans RB1 Joe Mixon
74%
Cardinals QB1 Kyler Murray
74%
Rams QB1 Matthew Stafford
74%
49ers RB1 Christian McCaffrey
73%
Falcons QB1 Kirk Cousins
73%
Buccaneers WR1 Mike Evans
73%
Falcons RB1 Bijan Robinson
71%
Packers RB1 Josh Jacobs
71%
Commanders RB1 Brian Robinson Jr.
70%
Broncos WR1 Courtland Sutton
70%
Chiefs RB1 Isiah Pacheco
70%
Colts WR1 Michael Pittman
70%
Rams WR1 Puka Nacua
70%
Jaguars WR1 Brian Thomas Jr.
69%
Browns WR1 Jerry Jeudy
69%
Bears WR1 DJ Moore
68%
Giants WR1 Malik Nabers
68%
Jaguars RB1 Travis Etienne
68%
Patriots RB1 Rhamondre Stevenson
67%
Commanders WR1 Terry McLaurin
67%
Saints RB1 Alvin Kamara
66%
Buccaneers RB1 Bucky Irving
66%
Bears RB1 D'Andre Swift
66%
Titans QB1 Will Levis
66%
Falcons WR1 Drake London
65%
Titans RB1 Tony Pollard
65%
Chiefs WR1 Xavier Worthy
65%
Saints QB1 Derek Carr
64%
Jets WR1 Devante Adams
64%
Bills WR1 Khalil Shakir
64%
Cardinals WR1 Marvin Harrison Jr.
64%
49ers WR1 Deebo Samuel
62%
Panthers RB1 Chuba Hubbard
61%
Titans WR1 Calvin Ridley
60%
Cardinals RB1 James Conner
60%
Raiders WR1 Jakobi Meyers
54%
Chargers WR1 Ladd McConkey
54%
Panthers WR1 Adam Thielen
51%
Packers WR1 Jayden Reed
50%
Chargers RB1 J.K. Dobbins
50%
Giants RB1 Tyrone Tracy
50%
Seahawks RB1 Zach Charbonnet
48%
Raiders QB1 Aidan O'Connell
44%
Cowboys RB1 Rico Dowdle
41%
Patriots WR1 Demario Douglas
34%
Raiders RB1 Ameer Abdullah
13%
Saints WR1 Marquez Valdes-Scantling
9%
No matching quizzes found
Score Distribution
Percent of People with Each Score
Percentile by Number Answered
Your Score History
You have not taken this quiz since the last reset